|
|
|
|
| LEADER |
01236nam a2200313 4500 |
| 001 |
DLU140165599 |
| 005 |
##20141112 |
| 040 |
# |
# |
|a DLU
|b vie
|
| 041 |
# |
# |
|a vie
|
| 044 |
# |
# |
|a vn
|
| 082 |
# |
# |
|a 390.095 97
|b LE-C
|
| 100 |
# |
# |
|a Lê Thị Chinh.
|
| 245 |
# |
# |
|a Tục thờ cúng cá Ông ở Lagi - Bình Thuận :
|b Tóm tắt Luận văn Thạc sĩ Lịch sử Việt Nam /
|c Lê Thị Chinh; Phan An hướng dẫn.
|
| 260 |
# |
# |
|a Đà Lạt :
|b Trường Đại học Đà lạt,
|c 2013.
|
| 300 |
# |
# |
|a 21 tr. ;
|c 21 cm.
|
| 505 |
# |
# |
|a Chương 1. Vùng đất và ngư dân La Gi -- Chương 2. Cơ sở thờ cúng cá Ông ở La Gi -- Chương 3. Nghi thức thờ cúng cá Ông của ngư dân ở La Gi.
|
| 650 |
# |
# |
|a Tín ngưỡng dân gian
|z Việt Nam
|z Bình Thuận.
|
| 651 |
# |
# |
|a LaGi (Bình Thuận, Việt Nam)
|x Đời sống tôn giáo và tập quán.
|
| 700 |
# |
# |
|a Phan An,
|c PGS.TS.
|e hướng dẫn.
|
| 915 |
# |
# |
|a Lịch sử Việt Nam
|c Thạc sĩ
|d Trường Đại học Đà lạt
|e Bộ Giáo dục và Đào tạo.
|
| 992 |
# |
# |
|a 0
|
| 994 |
# |
# |
|a DLU
|
| 900 |
# |
# |
|a True
|
| 911 |
# |
# |
|a Đào Thị Thu Huyền
|
| 925 |
# |
# |
|a G
|
| 926 |
# |
# |
|a A
|
| 927 |
# |
# |
|a LA
|
| 980 |
# |
# |
|a Thư viện Trường Đại học Đà Lạt
|